Guide pour enseigner la Géographie au cycle 3
Gorde:
| Egile Nagusiak: | , , |
|---|---|
| Formatua: | Liburua |
| Hizkuntza: | frantsesa |
| Argitaratua: |
París
Retz
2007
|
| Gaiak: | |
| Etiketak: |
Etiketa erantsi
Etiketarik gabe, Izan zaitez lehena erregistro honi etiketa jartzen!
|
MARC
| LEADER | 00000cam a2200000 a 4500 | ||
|---|---|---|---|
| 001 | UCF5412 | ||
| 003 | CL-VaPUC | ||
| 008 | 130307e20070000FR |||||||||||||||||fre|d | ||
| 020 | |a 9782725626444 | ||
| 082 | 0 | 4 | |a 916.71 |b JUN |2 21 |
| 100 | 0 | |a Jung, Sylvette |e author |9 567273 | |
| 700 | 0 | |a Miot, Catherine |e author |9 567274 | |
| 700 | 0 | |a Tisserand, Bernadette |e author |9 567275 | |
| 245 | 1 | 0 | |a Guide pour enseigner la Géographie au cycle 3 |
| 300 | |a 191 p | ||
| 942 | |c BK | ||
| 945 | |d 20130307 00:00:00 |a dcastane | ||
| 260 | |a París |b Retz |c 2007 | ||
| 500 | |a Incluye CD con material complementario | ||
| 650 | 0 | |a Enseñanza de la geografía |9 310005 | |
| 650 | 0 | |a Geografía |9 259346 | |
| 650 | 0 | |a Estudio y enseñanza |9 270395 | |
| 583 | |a last modification |c 20130307 11:37:00 |k Rodrigo Vera | ||
| 999 | |c 350952 |d 350950 | ||
| 952 | |0 0 |1 0 |4 0 |6 916_710000000000000_JUN_2007 |7 0 |8 A |9 454771 |a BIBING |b BIBING |d 2019-11-22 |i 4950747 |o 916.71 JUN 2007 |p 4950747 |r 2025-01-20 |w 2019-11-22 |y BK |k GEO | ||